The noble scholar, jurist, historian


 His Excellency Dr. Abdul Wahhab bin Ibrahim Abu Sulaiman, may Allah have mercy on him.


 He was born in Umm Al-Qura in the year 1356 AH.

حلول الزحام في المناسك : (Record no. 3435)

MARC details
000 -LEADER
fixed length control field 02666cam a2200325 i 4500
003 - CONTROL NUMBER IDENTIFIER
control field SA-RiAUC
005 - DATE AND TIME OF LATEST TRANSACTION
control field 20241213160710.0
008 - FIXED-LENGTH DATA ELEMENTS--GENERAL INFORMATION
fixed length control field 241212s2014 su f 00010 ara c
020 ## - INTERNATIONAL STANDARD BOOK NUMBER
International Standard Book Number 9786038100707
024 0# - OTHER STANDARD IDENTIFIER
Standard number or code 00000000335020
040 ## - CATALOGING SOURCE
Original cataloging agency SA-MaUQU
Language of cataloging ara
Transcribing agency SA-RiAUC
Modifying agency SA-RiKAPL
Description conventions rda
082 04 - DEWEY DECIMAL CLASSIFICATION NUMBER
Classification number 252.5
Assigning agency SA-RiAUC
090 ## - LOCALLY ASSIGNED LC-TYPE CALL NUMBER (OCLC); LOCAL CALL NUMBER (RLIN)
Classification number (OCLC) (R) ; Classification number, CALL (RLIN) (NR) 252.5
Local cutter number (OCLC) ; Book number/undivided call number, CALL (RLIN) س ي ا
100 1# - MAIN ENTRY--PERSONAL NAME
Personal name السياري، خالد بن محمد بن عبد الله
Relator term مؤلف.
245 10 - TITLE STATEMENT
Title حلول الزحام في المناسك :
Remainder of title دراسة فقهية لحلول نظرية وإدارية وفنية وسلوكية /
Statement of responsibility, etc. د. خالد بن محمد السياري.
250 ## - EDITION STATEMENT
Edition statement الطبعة الأولى.
264 #1 - PRODUCTION, PUBLICATION, DISTRIBUTION, MANUFACTURE, AND COPYRIGHT NOTICE
Place of production, publication, distribution, manufacture الرياض :
Name of producer, publisher, distributor, manufacturer دار الميمان للنشر والتوزيع،
Date of production, publication, distribution, manufacture, or copyright notice 2014
300 ## - PHYSICAL DESCRIPTION
Extent 709 صفحة ؛
Dimensions 24 × 17 سم
336 ## - CONTENT TYPE
Content type term نص
Content type code txt
Source rdacontent
Materials specified كتاب
337 ## - MEDIA TYPE
Media type term بدون وسيط
Media type code n
Source rdamedia
338 ## - CARRIER TYPE
Carrier type term مجلد
Carrier type code nc
Source rdacarrier
500 ## - GENERAL NOTE
General note الأصل أطروحة دكتوراه، المعهد العالي للقضاء (الرياض)، قسم الفقه المقارن.
504 ## - BIBLIOGRAPHY, ETC. NOTE
Bibliography, etc. note ببليوجرافية : صفحة 665-697.
520 ## - SUMMARY, ETC.
Summary, etc. هذا الكتاب يقدم حلولا- بين الحين والآخر- لمشكلة الزحام أثناء قضاء المناسك تشمل الجوانب الهندسية والإدارية والبيئية والصحية والأمنية والنفسية والسلوكية ... إلا أن هذه الحلول المقدمة لمعالجة هذه المشكلة غالبا ما تفتقر إلى تأصيل شرعي ؛ لذا سعت هذه الدراسة إلى جمع وتوثيق ودراسة الحلول المقترحة مع إضافة حلول فقهية نظرية وحلول فنية وتنظيمية وسلوكية مصحوبة ببيان الموقف الشرعي منها. كما اضطلعت هذه الدراسة ببيان المقبول والمناسب من تلك الحلول وما تستند إليه من أدلة، بالإضافة إلى بيان غير المناسب منها بالدليل والتعليل ومن هنا رأينا تعميم هذا الكتاب ووضعه بين يدي المسؤولين ممن يملكون اتخاذ القرار لما فيه مصلحة الإسلام وخدمة المسلمين.
650 #7 - SUBJECT ADDED ENTRY--TOPICAL TERM
Topical term or geographic name entry element الحج (فقه إسلامي)
General subdivision مناسك
Source of heading or term aucsh
856 42 - ELECTRONIC LOCATION AND ACCESS
Materials specified Book Cover
Electronic format type JPEG
Uniform Resource Identifier <a href="https://library.ithra.com/bc/00000000335020.jpeg">https://library.ithra.com/bc/00000000335020.jpeg</a>
Public note <CLICK_TO_VIEW_BOOK_COVER>
856 42 - ELECTRONIC LOCATION AND ACCESS
Materials specified Table of contents
Electronic format type PDF
Uniform Resource Identifier <a href="https://library.ithra.com/pdf/.pdf">https://library.ithra.com/pdf/.pdf</a>
Public note <CLICK_TO_ACCESS_TOC>
942 ## - ADDED ENTRY ELEMENTS (KOHA)
Source of classification or shelving scheme Dewey Decimal Classification
Koha item type Books
Suppress in OPAC No
949 ## - LOCAL PROCESSING INFORMATION (OCLC)
a SA-JeALM
d 241212
u mohamedma123
n 1
Holdings
Withdrawn status Lost status Source of classification or shelving scheme Damaged status Not for loan Collection Home library Current library Date acquired Total checkouts Full call number Barcode Date last seen Price effective from Koha item type
    Dewey Decimal Classification     اهداء DR AbdElwahab Library DR AbdElwahab Library 12/13/2024   252.5 س ي ا 000005153 12/13/2024 12/13/2024 Books
    Dewey Decimal Classification       DR AbdElwahab Library DR AbdElwahab Library 05/15/2025   252.5 س ي ا 000013006 05/15/2025 05/15/2025 Books